Entry Nombre personal
001 - NÚMERO DE CONTROL
- campo de control: 47684
003 - IDENTIFICADOR DE NÚMERO DE CONTROL
- campo de control: SpMaBN
005 - FECHA Y HORA DE LA ÚLTIMA TRANSACCIÓN
- campo de control: 20231218201340.0
008 - ELEMENTOS DE DATO DE LONGITUD-FIJA
- campo de control de longitud fija: 901120nn aijnnaabn a aaa
016 ## - NÚMERO DE CONTROL DE UNA AGENCIA BIBLIOGRÁFICA NACIONAL
- Número de control del registro: BNE19900254494
024 7# - IDENTIFICADOR DE OTROS ESTÁNDARES
- Número estándar o código: http://viaf.org/viaf/120275495/
- Fuente: viaf
024 7# - IDENTIFICADOR DE OTROS ESTÁNDARES
- Número estándar o código: https://isni.org/isni/0000000078284796
- Fuente: isni
024 7# - IDENTIFICADOR DE OTROS ESTÁNDARES
- Número estándar o código: http://www.wikidata.org/entity/Q5920736
- Fuente: wikidata
040 ## - FUENTE DE CATALOGACIÓN
- Centro catalogador/agencia de origen: SpMaBN
- Lengua de catalogación: spa
- Centro/agencia transcriptor: SpMaBN
- Normas de descripción: rdc
- Convención/Normas de encabezamiento de materia/tesauro: embne
046 ## - FECHAS CON CODIFICACIÓN ESPECIAL
- Fecha de nacimiento: 1944
- Fecha de la muerte: 2017
100 1# - ENCABEZAMIENTO-NOMBRE DE PERSONA
- Nombre de persona: Escudero, Isabel,
- Fechas asociadas al nombre: 1944-2017
370 ## - LUGAR ASOCIADO
- Lugar de nacimiento: Quintana de la Serena
- Número de control del registro de autoridad o número normalizado: XX451744
- Fuente de información: Wikidata
372 ## - CAMPO DE ACTIVIDAD
- Campo de actividad: Copla
- Campo de actividad: Haiku
- Campo de actividad: Poesía
- Fuente de información: Wikidata
373 ## - GRUPO ASOCIADO
- Grupo asociado: Ateneo de Madrid
374 ## - OCUPACIÓN
- Ocupación: Escritores
- Fuente de información: Wikidata
375 ## - GÉNERO/SEXO
- Género: Femenino
377 ## - IDIOMA ASOCIADO
- Término de lengua/lenguaje: Español
400 1# - TRAZADO DE VÉASE--NOMBRE DE PERSONA
- Nombre de persona: Escudero Ríos, Isabel,
- Fechas asociadas al nombre: 1944-2017
670 ## - FUENTE DE DATOS ENCONTRADOS
- Cita de la fuente: El niño preescolar en el hogar, 1986
- Información encontrada: port. (Isabel Escudero)
670 ## - FUENTE DE DATOS ENCONTRADOS
- Cita de la fuente: Jugar y aprender, de Rosario Jiménez Frías, Isabel Escudero Ríos, 1995
- Información encontrada: port. (Isabel Escudero Ríos)
670 ## - FUENTE DE DATOS ENCONTRADOS
- Cita de la fuente: Poemas, 1994
- Información encontrada: port. (Isabel Escudero) p. 21 (n. 19-05-1944 en Quintana de la Serena; prof. de Psicodidáctica en la Univ. Nacional de Educación a Distancia)
670 ## - FUENTE DE DATOS ENCONTRADOS
- Cita de la fuente: WWW Wikipdia, consultada el 19-03-2018
- Información encontrada: (Isabel Escudero Ríos, Quintana de la Serena, Badajoz, 1944-Madrid, 7-03-2017, poeta y ensayista)
- Identificador Uniforme de Recursos: https://es.wikipedia.org/wiki/Isabel_Escudero
670 ## - FUENTE DE DATOS ENCONTRADOS
- Cita de la fuente: WWW BN España aut., 20/08/2023
- Información encontrada: (Escudero, Isabel, 1944-2017)
678 ## - DATOS BIOGRÁFICOS O HISTÓRICOS
- Datos biográficos o históricos: Socia del Ateneo de Madrid
